000 00638nam a2200133Ia 4500
008 100328s9999 xx 000 0 und d
082 _b61598
100 _aदाभोलकर नरेंद्र आणि आर्डे प.रा.
245 _aअंाश्रदा प्रश्नचिन्ह आणि पूर्णविराम.
260 _bराजहंस.
630 _aअंाश्रदा प्रश्नचिन्ह आणि पूर्णविराम.
730 _aअंाश्रदा प्रश्नचिन्ह आणि पूर्णविराम.
942 _cBOOK
999 _c547671
_d547668